| 000 | 00515nam a2200205Ia 4500 | ||
|---|---|---|---|
| 003 | GCL | ||
| 008 | 140319s9999 xx 000 0 eng d | ||
| 020 | _a0582077206 | ||
| 040 |
_aGCL / _cGCL |
||
| 082 | 0 | 4 |
_a823 _bA P |
| 100 | 1 | _aAUSTEN, JANE | |
| 245 | 1 | 0 |
_aPRIDE AND PREJUDICE / _cAUSTEN, JANE |
| 260 |
_aانجلترا : _bLONGMAN ، _c1991 |
||
| 300 |
_a21 CM ؛ _c378 P. |
||
| 490 |
_aNONE _v0 |
||
| 650 | 0 | 4 | _aENGLISH LITERATURE |
| 650 | 0 | 4 | _aLITERATURE |
| 650 | 0 | 4 | _aENGLISH FICTION |
| 942 |
_2ddc _cBK |
||
| 999 |
_c25120 _d25120 |
||